Financial management / (Record no. 133439)

MARC details
000 -LEADER
fixed length control field 00625nam a22002177a 4500
005 - DATE AND TIME OF LATEST TRANSACTION
control field 20171003112845.0
010 ## - LCCN (DPL NO)
LC control number 939050
020 ## - INTERNATIONAL STANDARD BOOK NUMBER
Terms of availability 00.00
International Standard Book Number 070690703
035 ## - SYSTEM CONTROL NUMBER
System control number 939050
037 ## - SOURCE OF ACQUISITION
Source of stock number/acquisition Cen Lib/Ret
082 ## - DEWEY DECIMAL CLASSIFICATION NUMBER
Classification number 658.15
Item number PAN
100 ## - MAIN ENTRY--PERSONAL NAME
Personal name Pandey, I. M.
245 ## - TITLE STATEMENT
Title Financial management /
Statement of responsibility, etc by I. M. Pandey
260 ## - PUBLICATION, DISTRIBUTION, ETC. (IMPRINT)
Place of publication, distribution, etc New Delhi
Name of publisher, distributor, etc Vikas Publishing House
Date of publication, distribution, etc 1979
270 ## - ADDRESS
City New Delhi
Postal code 110002
Address 5, Ansari Road, Darya Ganj
300 ## - PHYSICAL DESCRIPTION
Extent 549p.
Dimensions 21cm(Hb)
500 ## - GENERAL NOTE
General note Includes index<br/>
650 ## - SUBJECT ADDED ENTRY--TOPICAL TERM
Topical term or geographic name as entry element Managerial accounting
650 ## - SUBJECT ADDED ENTRY--TOPICAL TERM
Topical term or geographic name as entry element Saving and investment
942 ## - ADDED ENTRY ELEMENTS (KOHA)
Source of classification or shelving scheme Dewey Decimal Classification
Item type English Books
Classification part 658.15
Call number suffix PAN
Holdings
Withdrawn status Lost status Not for loan Home library Current library Date acquired Source of acquisition Cost, normal purchase price Full call number Barcode Copy number Cost, replacement price Koha item type Public note
Written off     Central Library Central Library 25/07/2015 Cen Lib/Ret 0.00 658.15 PAN 939050 1 0.00 English Books Written off on approval by DLB (By Circulation); dtd 15-06-2023

© Delhi Public Library
Hit Counter
free hit counter